Források a németek Szovjetunióba történő kitelepítéséről Közép-Kelet-Európából 1945-1953

Elmentve itt :
Bibliográfiai részletek
További közreműködők: Köteles Péter
Dokumentumtípus: Könyv
Megjelent: JATE Történész Diákkör Szeged 1996
Sorozat:Documenta Historica
Kulcsszavak:Deportálás - németek - Szovjetunió - 1945-1953 - forrás
Tárgyszavak:
Online Access:http://acta.bibl.u-szeged.hu/38270
LEADER 00795nam a2200205 i 4500
001 acta38270
005 20230321225503.0
008 161201s1996 hu o 0|| hun d
022 |a 1216-0954 
040 |a SZTE Egyetemi Kiadványok Repozitórium  |b hun 
041 |a hun 
245 0 0 |a Források a németek Szovjetunióba történő kitelepítéséről Közép-Kelet-Európából   |h [elektronikus dokumentum] :  |b 1945-1953 
260 |a JATE Történész Diákkör  |b Szeged  |c 1996 
300 |a 23  |c 20 cm 
490 0 |a Documenta Historica 
650 4 |a Bölcsészettudományok 
650 4 |a Történettudomány és régészet 
695 |a Deportálás - németek - Szovjetunió - 1945-1953 - forrás 
700 0 1 |a Köteles Péter 
856 4 0 |u http://acta.bibl.u-szeged.hu/38270/1/doc_028.pdf  |z Dokumentum-elérés